| 000 | 00518cam a2200205 4500 | ||
|---|---|---|---|
| 001 | D13039 | ||
| 008 | 090401t1912 xxu||||| |||| 00| 0 eng d | ||
| 035 | _a(Sirsi) u7420 | ||
| 041 | _aeng | ||
| 050 | _a346.410432 | ||
| 100 | _aHunt, Arthur Joseph | ||
| 245 | _aHunt`s law of boundaries, walls and fences. | ||
| 250 | _a6th | ||
| 260 |
_aLondon _bButterworth and Co _c1912 |
||
| 300 | _axxxix,262,24p. ; 22cm. | ||
| 350 | _a0 | ||
| 700 |
_aCombe, R. G. Nicholson _xEditor |
||
| 942 | _n0 | ||
| 948 | _c04/03/1997 | ||
| 999 |
_c86414 _d86414 |
||